| 000 | 00523nam a22001937a 4500 | ||
|---|---|---|---|
| 003 | KOHA_MİRAKIL | ||
| 005 | 20251001162510.0 | ||
| 008 | 251001b tu ||||| |||| 00| 0 tur d | ||
| 020 | _a9786254130014 | ||
| 040 |
_aTR-AnABB _btur _cTR-AnABB |
||
| 041 | _atur | ||
| 082 |
_a813.42 _bORI 2021 |
||
| 100 | 1 | _aÖrik, Nahid Sırrı, | |
| 245 | 1 | 0 |
_aKösem Sultan / _cNahid Sırrı Örik |
| 260 |
_aİstanbul : _bOğlak Yayıncılık, _c2021 |
||
| 300 |
_a78 sayfa ; _c18 cm |
||
| 650 | 0 | 4 | _aTarih |
| 942 |
_2ddc _cBK |
||
| 999 |
_c9024 _d9024 |
||
| 900 | _bGizem YORULMAZ | ||